|
|
|
|
| LEADER |
00643nab a2200181 i 4500 |
| 001 |
acta29661 |
| 005 |
20210505155024.0 |
| 008 |
161017s2008 hu o 0|| hun d |
| 022 |
|
|
|a 1789-6339
|
| 040 |
|
|
|a SZTE Egyetemi Kiadványok Repozitórium
|b hun
|
| 041 |
|
|
|a hun
|
| 100 |
1 |
|
|a Ormos Mária
|
| 245 |
1 |
0 |
|a Magyarország Közép-Európában, Európában és a világban
|h [elektronikus dokumentum] /
|c Ormos Mária
|
| 260 |
|
|
|c 2008
|
| 300 |
|
|
|a 17-21
|
| 490 |
0 |
|
|a Közép-európai közlemények
|v 1 No. 1
|
| 695 |
|
|
|a Történelemtudomány, Társadalomtudomány
|
| 856 |
4 |
0 |
|u http://acta.bibl.u-szeged.hu/29661/1/kek_001_017-021.pdf
|z Dokumentum-elérés
|